| 000 | 00370nam a2200145Ia 4500 | ||
|---|---|---|---|
| 008 | 150201s2009 xx 000 0 und d | ||
| 082 |
_a618.2 _bO09A |
||
| 100 | _aARULKUMARAN ,S. | ||
| 245 | _aOBSTETRICS & GYNAECOLOGY FOR POSTGRADUATE -2 | ||
| 250 | _a3RD | ||
| 260 |
_bUNIVERSITY PRASS _aHYD INDIA _c2009 |
||
| 300 | _a1-675 | ||
| 650 | _aOBS. & GYN | ||
| 942 |
_2ddc _cBK |
||
| 999 |
_c1705 _d1705 |
||